Cultivos ilícitos y proceso de paz en Colombia (Record no. 174417)
[ view plain ]
| 000 -LEADER | |
|---|---|
| campo de control de longitud fija | 00778nam a2200193 4500 |
| 001 - NÚMERO DE CONTROL | |
| campo de control | 174417 |
| 003 - IDENTIFICADOR DE NÚMERO DE CONTROL | |
| campo de control | ES-MaACL |
| 005 - FECHA Y HORA DE LA ÚLTIMA TRANSACCIÓN | |
| campo de control | 20230906215524.0 |
| 008 - DATOS DE LONGITUD FIJA--INFORMACIÓN GENERAL | |
| campo de control de longitud fija | 100419s2000 ck a |||| | spa d |
| 080 ## - NÚMERO DE LA CLASIFICACIÓN DECIMAL UNIVERSAL | |
| Número de la Clasificación Decimal Universal | 323.26/.28(861) |
| 245 00 - MENCIÓN DEL TÍTULO | |
| Título | Cultivos ilícitos y proceso de paz en Colombia |
| Resto del título | : una propuesta de cambio en la estrategia antidrogas hacia la solución política del conflicto / |
| Mención de responsabilidad, etc. | [dirección de la publicación, Ricardo Vargas Meza]. |
| 260 ## - PUBLICACIÓN, DISTRIBUCIÓN, ETC. | |
| Lugar de publicación, distribución, etc. | Santafé de Bogotá : |
| Nombre del editor, distribuidor, etc. | Acción Andina, |
| Fecha de publicación, distribución, etc. | 2000 ( |
| Fabricante | Antropos) |
| 300 ## - DESCRIPCIÓN FÍSICA | |
| Extensión | 55 p. : |
| Otras características físicas | il. ; |
| Dimensiones | 22 cm. |
| 650 #4 - PUNTO DE ACCESO ADICIONAL DE MATERIA--TÉRMINO DE MATERIA | |
| Término de materia o nombre geográfico como elemento de entrada | Violencia política- |
| Subdivisión geográfica | Colombia. |
| 9 (RLIN) | 141238 |
| 650 #4 - PUNTO DE ACCESO ADICIONAL DE MATERIA--TÉRMINO DE MATERIA | |
| Término de materia o nombre geográfico como elemento de entrada | Drogas- |
| Subdivisión geográfica | Colombia. |
| 9 (RLIN) | 142536 |
| 650 #4 - PUNTO DE ACCESO ADICIONAL DE MATERIA--TÉRMINO DE MATERIA | |
| Término de materia o nombre geográfico como elemento de entrada | Derechos humanos- |
| Subdivisión geográfica | Colombia. |
| 9 (RLIN) | 141237 |
| 700 1# - ENTRADA AGREGADA--NOMBRE PERSONAL | |
| Nombre de persona | Vargas Meza, Ricardo. |
| 9 (RLIN) | 142529 |
| 852 4# - LOCALIZACIÓN | |
| Ubicación | BA |
| Número de control de estantería | 2256-F-4 |
| Estatus retirado | Estado de pérdida | Estado de daño | No para préstamo | Colección | Biblioteca de origen | Biblioteca actual | Ubicación en estantería | Fecha de adquisición | Fuente de adquisición | Total de préstamos | Signatura topográfica completa | Código de barras | Visto por última vez | Precio de reemplazo | Tipo de ítem Koha |
|---|---|---|---|---|---|---|---|---|---|---|---|---|---|---|---|
| Colección de folletos | Biblioteca del Ateneo de Madrid | Biblioteca del Ateneo de Madrid | Depósito folletos | 19/04/2010 | 2256-F-4 | 1183073 | 23/02/2023 | 23/02/2023 | Folleto |
